Logo CIB grande

Telematics Communication Technologies And Vehicular Networks (Registro nro. 236801)

Detalles MARC
000 -LEADER
campo de control de longitud fija 00683nam a2200205Ia 4500
005 - FECHA Y HORA DE LA ÚLTIMA TRANSACCIÓN
campo de control 20250425162814.0
008 - DATOS DE LONGITUD FIJA--INFORMACIÓN GENERAL
campo de control de longitud fija 250425s9999 xx 000 0 und d
020 ## - NÚMERO INTERNACIONAL ESTÁNDAR DEL LIBRO
Número Internacional Estándar del Libro 9781605668406
041 ## - CÓDIGO DE IDIOMA
--
Código de lengua original eng
082 ## - NÚMERO DE LA CLASIFICACIÓN DECIMAL DEWEY
Número de clasificación 629.277
Iniciales del Autor CHU
010 ## - NÚMERO DE CONTROL DE LA BIBLIOTECA DEL CONGRESO
Número de control de LC 109355
100 ## - ENTRADA PRINCIPAL--NOMBRE DE PERSONA
Nombre de persona Chung-Ming Huang
245 #0 - MENCIÓN DEL TÍTULO
Título Telematics Communication Technologies And Vehicular Networks
Resto del título Wireless Architectures And Applications
Mención de responsabilidad, etc. Huang Chung-Ming.
260 ## - PUBLICACIÓN, DISTRIBUCIÓN, ETC.
Lugar de publicación, distribución, etc. New York
Nombre del editor, distribuidor, etc. INFORMATION SCIENCE REFERENCE
Fecha de publicación, distribución, etc. 2010
300 ## - DESCRIPCIÓN FÍSICA
Extensión 411 p.
Otras características físicas Ilustrado
Dimensiones 29 cm
500 ## - NOTA GENERAL
Nota general Incluye Tabla de Contenido, Indice
650 ## - PUNTO DE ACCESO ADICIONAL DE MATERIA--TÉRMINO DE MATERIA
Término de materia o nombre geográfico como elemento de entrada Sistema de Telecomunicación
Término indicativo de función/relación Redes Telemáticas
700 ## - ENTRADA AGREGADA--NOMBRE PERSONAL
Nombre de persona Chen, Yuh-Shyan
942 ## - ELEMENTOS DE ENTRADA SECUNDARIOS (KOHA)
Tipo de ítem Koha Libros
Existencias
Estatus retirado Estado de pérdida Estado de daño No para préstamo Biblioteca de origen Biblioteca actual Fecha de adquisición Coste, precio normal de compra Etiqueta RFID Total de préstamos Código de barras Copia número Tipo de ítem Koha
        CENTRO DE INFORMACIÓN BIBLIOTECARIA CENTRO DE INFORMACIÓN BIBLIOTECARIA 08/09/2020 190.00 0000000000000000035150   80031 1 Libros
        CENTRO DE INFORMACIÓN BIBLIOTECARIA CENTRO DE INFORMACIÓN BIBLIOTECARIA 08/09/2020 190.00 0000000000000000035149   80032 2 Libros
        CENTRO DE INFORMACIÓN BIBLIOTECARIA CENTRO DE INFORMACIÓN BIBLIOTECARIA 08/09/2020 190.00 0000000000000000034461   80114 3 Libros

Copyright 2025 ESPOL. Todos los derechos reservados.